000
00337nam a2200133Ia 4500
008
240624s9999 xx 000 0 und d
041
_a
eng
082
_a
658.155 HUL
100
_a
HULL JOHN C
245
_a
RISK MANAGEMENT AND FINANCIAL INSTITUTIO
260
_c
2007
_a
Canada
_b
Pearson
300
_a
xvi, : 500p. ; 23cm.
365
_c
_b
30
999
_c
13853
_d
13853